00765nam a22001817a 4500003000200000005001700002008004100019050002500060100002500085245009800110260007100208300002600279500003900305504005600344650006400400650004900464650007000513020250214103322.0250213b xxu||||| |||| 00| 0 eng d aBF 575.L8b.C67 2024 aCortez, Francene A.  aRelationship satisfaction and emotional distress in close-at-hand couplescFrancene A. Cortez aLas Pinas CitybSouthville International School and Collegesc2024 aix, 108 pages;c28cm. aBachelor of Science in Psychology. aIncludes bibliographical references and appendices. aRelationship satisfaction—Psychological effects--Couples. aEmotional distress—Romantic relationships. aRomantic partnerships—Satisfaction -- Psychological well-being.